| 000 | 01153cam a22002651ia4500 | ||
|---|---|---|---|
| 003 | SA-RiAUC | ||
| 005 | 20241124071718.0 | ||
| 008 | 241121s1989 ua g 00010 ara c | ||
| 040 |
_aSA-JeALM _bara _cSA-RiAUC. _erda |
||
| 082 | 0 | 4 |
_a258.09 _qSA-RiAUC |
| 090 |
_a258.09 _bا ب و ز |
||
| 100 | 1 |
_aأبو زهرة، محمد، _d1898-1974 _eمؤلف. |
|
| 245 | 1 | 0 |
_aتاريخ المذاهب الإسلامية في السياسة والعقائد وتاريخ المذاهب الفقهية / _cمحمد أبو زهرة. |
| 264 | 1 |
_aالقاهرة : _bدار الفكر العربي، _c1989 |
|
| 300 |
_a1 مجلد (735 صفحة ) ؛ _c24 سم |
||
| 336 |
_aنص _btxt _2rdacontent _3كتاب |
||
| 337 |
_aبدون وسيط _bn _2rdamedia |
||
| 338 |
_aمجلد _bnc _2rdacarrier |
||
| 500 | _a2 مجلد ببليوجرافى في 1 مجلد مادي. | ||
| 650 | 7 |
_aالفقه الإسلامي _xمذاهب _xتاريخ _2aucsh |
|
| 650 | 7 |
_aالإسلام والمذاهب السياسية _xتاريخ _2aucsh |
|
| 650 | 7 |
_aالفرق الإسلامية _xتاريخ _2aucsh |
|
| 942 |
_2ddc _cBOOK _n0 |
||
| 949 |
_aSA-JeALM _d241121 _umohamedma123 _n1 |
||
| 999 |
_c2685 _d2685 |
||